Pointing the way : Collected essays
Uloženo v:
| Hlavní autor: | |
|---|---|
| Médium: | Kniha |
| Jazyk: | Undetermined |
| Vydáno: |
New York
Harper & Row
1963
|
| Témata: | |
| Tagy: |
Přidat tag
Žádné tagy, Buďte první, kdo otaguje tento záznam!
|
| Thư viện lưu trữ: | Trung tâm Học liệu Trường Đại học Cần Thơ |
|---|
| LEADER | 00498nam a2200193Ia 4500 | ||
|---|---|---|---|
| 001 | CTU_90252 | ||
| 008 | 210402s9999 xx 000 0 und d | ||
| 082 | |a 181.06 | ||
| 082 | |b B917 | ||
| 100 | |a Buber, Martin | ||
| 245 | 0 | |a Pointing the way : | |
| 245 | 0 | |b Collected essays | |
| 245 | 0 | |c Martin Buber | |
| 260 | |a New York | ||
| 260 | |b Harper & Row | ||
| 260 | |c 1963 | ||
| 650 | |a Philosophy,Dialectic | ||
| 904 | |i Nguyên,Hải | ||
| 980 | |a Trung tâm Học liệu Trường Đại học Cần Thơ | ||